000 00614nam a2200193Ia 4500
008 090123s9999 xx 000 0 und d
082 _b7559
100 _aकुलकर्णी सुधा
245 _aत्यागमूर्ती
250 _a1
260 _bशशीदिप प्रकाशन
300 _a206
600 _aकुलकर्णी सुधा
630 _aत्यागमूर्ती
700 _aकुलकर्णी सुधा
700 _aकुलकर्णी कुसुम
730 _aत्यागमूर्ती
942 _cBOOK
999 _c45625
_d45625